| 000 | 00676cac a22001935a 4500 | ||
|---|---|---|---|
| 005 | 20201124142450.0 | ||
| 008 | 081201t 1995njua frb 001 0 eng d | ||
| 020 | _a0130642967 | ||
| 040 |
_aEG-ScBUE _beng _cEG-ScBUE _dEG-ScBUE |
||
| 082 | 0 | 4 |
_a657.835 _bRAZ _222 |
| 245 | 1 | 0 |
_aIntroduction to governmental and not-for-profit accounting / _cJoseph R. Razek, Gordon A. Hosch. |
| 250 | _a3rd ed. | ||
| 260 |
_aUpper Saddle : _bPrentice Hall, _cc.1995. |
||
| 300 |
_axiv, 690 p. : _bill. ; _c24 cm. |
||
| 504 | _aIncludes bibliographical references and index. | ||
| 650 | 7 |
_aFinance, Public _xAccounting. _2BUEsh _933531 |
|
| 653 |
_bGGEN _cNovember2017 |
||
| 942 |
_cBB _k657.835RAZ _2ddc |
||
| 999 |
_c3906 _d3906 |
||